Statistiques concernant Jamais deux sans trois #2

Cliquez ici pour prendre le quiz!

Statistiques générales

  • Ce quiz a été pris 8 272 fois
  • Le résultat moyen est 14 sur 20

Statistiques - réponses

Les deux......et le troisième% Correct
Passé, PrésentFutur
100%
Entrée, PlatDessert
99%
Liberté, ÉgalitéFraternité
99%
A vos marques, PrêtsPartez
99%
Petit déjeuner, DéjeunerDîner
94%
Danemark, SuèdeNorvège
93%
Maison de paille, Maison de boisMaison de {briques}
88%
Christianisme, JudaïsmeIslam
86%
Sinus, CosinusTangente
76%
Animal, MinéralVégétal
73%
Earth, WindFire
72%
Le beurre, l'argent du beurreLa crémière
65%
Fémur, PéronéTibia
65%
Socrate, PlatonAristote
51%
Roosevelt, StalineChurchill
50%
Didier Bourdon, Bernard CampanPascal Légitimus
39%
Ibiza, MajorqueMinorque
34%
Hauts-de-Seine, Val-de-MarneSeine-Saint-Denis
34%
La Communauté de l'Anneau, Les Deux ToursLe Retour du Roi
32%
Belle, BulleRebelle
25%

Distribution des résultats

Percentile par nombre de réponses

% des personnes avec chaque résultat

Votre développement - résultats

Vous n’avez pas pris ce quiz